000 00460nam a22001697a 4500
008 230426b ||||| |||| 00| 0 eng d
020 _a9789382532750
041 _aeng
082 _a305.42
_bJAE
100 _aJain Ishita
245 _aEncyclopaedia of Feminism (Vol-2)
_b: Religion, Culture and Society of Feminism
_cBy Ishita Jain
260 _aJaipur
_bYking Books
_c2015
300 _a304p.
440 _vVol-2
650 _aECONOMICS
942 _cBK
999 _c47034
_d47034